=LDR 00000nam 2200000 4500 =001 INLIS000000000031741 =005 20130612133809 =008 ***********************************ind** =035 ##$$0010-061300000031741 =041 ##$$a ind =082 ##$$a 581.9 =090 ##$$a 581.9, Sun p =100 ##$$a Suhaeni,Neni =245 ##$$a Petunjuk Praktis Menanam Talas, Neni Suhaeni =260 ##$$a 2007 $b Bandung =300 ##$$a 52 hlm, Ilus, 21 cm =650 ##$$a TANAMAN TALAS =850 ##$$a NBPNMAT